000 00613nam a22001577a 4500
003 OSt
005 20150916105949.0
008 150916b xxu||||| |||| 00| 0 eng d
040 _cRUA
082 _aAGR NGO 2002 B027 Or.1
100 _9580
_aNGOUN, SOPHEAP.
245 _aeffect of usage compost steong meanchey on rice crop ir 66 (ឥទ្ធិពលនៃការប្រើប្រាស់ជីកំប៉ុស្តិ៍ស្ទឹងមានជ័យលើដំណាំស្រូអ៊ីអ៊ែ ៦៦)
260 _aPhnom Penh
_bRUA
_c2002
300 _a51p.
_bill.
_c29cm.
942 _2ddc
_cAGR
999 _c559
_d559